Univerzální vrtačko-frézka s digitálním odměřováním polohy OPTImill MT 100.

Uložené v:
Podrobná bibliografia
Médium: Kniha
Jazyk:Slovak
Czech
Vydané: [2016].
Vydanie:1. vyd.
Témy:
On-line prístup:http://www.bow.cz
Fyzický popis: 1 l.
Tagy: Pridať tag
Žiadne tagy, Buďte prvý kto otaguje tento záznam!

MARC

LEADER 00000nam#a22000003a#4500
001 000498607
003 SVKKK
005 20160129104239.0
008 160120s2016 xo |||| 0 slo#d
040 |a SVKKK  |b slo  |c SVKKK  |e AACR2 
041 0 # |a cze 
044 |a xr  |c CZ 
080 |a 621.914.3  |2 2001 
110 2 |a První hanácká BOW spol. s r. o.  |c Příčná 84/1, 779 00 Olomouc, ČR  |4 mfr 
245 1 0 |a Univerzální vrtačko-frézka s digitálním odměřováním polohy OPTImill MT 100. 
250 |a 1. vyd. 
260 # |c [2016]. 
300 |a 1 l. 
655 7 |a firemné prospekty  |2 SNKPH 
856 4 1 |u http://www.bow.cz 
910 |a svkkk 
998 |a FL 
090 |g SCKHL  |k SK42  |a 621.914.3  |j 232036  |i 498607-10  |4 zastaraná  |s Vyradená